[Event "AUTO-MASTER-1213"]
[Site "http://www.queenalice.com/game.php?id=828262"]
[Date "2010.9.5"]
[Round "1"]
[White "DenisDiaz"]
[Black "smyslov87"]
[Result "1-0"]
[WhiteElo "2039"]
[BlackElo "2053"]

1. d4 Nf6 2. c4 g6 3. Nc3 d5 4. cxd5 Nxd5 5. e4 Nxc3 6. bxc3 Bg7 7. Bc4 O-O 8.
Ne2 c5 9. d5 Bg4 10. f3 Bd7 11. Qb3 Qc8 12. Be3 b6 13. a4 Na6 14. Nc1 Kh8 15.
Ne2 Nc7 16. Rd1 f5 17. Kd2 fxe4 18. fxe4 Bg4 19. h3 Bxe2 20. Kxe2 Ne8 21. Bd3
Nd6 22. c4 e6 23. Rdf1 Rxf1 24. Rxf1 exd5 25. exd5 Qe8 26. Kd2 Qe7 27. Rf3 Re8
28. g4 Ne4+ 29. Kc2 Qe5 30. Bf4 Qd4 31. Be3 Qc3+ 32. Qxc3 Nxc3 33. Kb3 Ne4 34.
Bc1 Nd6 35. Re3 Kg8 36. Rxe8+ Nxe8 37. Bf4 Bf8 38. Bb8 Nd6 39. Bxa7 Nc8 40. Bb8
Bd6 41. Bxd6 Nxd6 42. a5 bxa5 43. Ka4 Nb7 44. Kb5 a4 45. Kxa4 Kf8 46. Kb5 Ke7
47. Kb6 Nd6 48. Kxc5 Kd7 49. Kd4 1-0

[Event "Challenge"]
[Site "http://www.queenalice.com/game.php?id=837721"]
[Date "2010.9.25"]
[Round "-"]
[White "Ninho"]
[Black "smyslov87"]
[Result "0-1"]
[WhiteElo "2018"]
[BlackElo "2040"]

1. e4 e5 2. Nf3 Nc6 3. Bc4 Be7 4. O-O Nf6 5. Nc3 O-O 6. d4 exd4 7. Nxd4 Ne5 8.
Be2 d6 9. Bf4 Ng6 10. Bg3 a6 11. f4 c5 12. Nb3 Qb6 13. Bf2 Nxf4 14. Bf3 Be6 15.
Nd5 N6xd5 16. exd5 Bd7 17. Re1 Bf6 18. c3 Bf5 19. Be4 Bxe4 20. Rxe4 Ng6 21. Qc2
Rfe8 22. Rae1 Kf8 23. Rxe8+ Rxe8 24. Rxe8+ Kxe8 25. Qe4+ Kf8 26. g3 Qd8 27. Nd2
Qe7 28. Kg2 b5 29. a3 Qe5 30. Qxe5 Bxe5 31. Kf3 Ne7 32. Ke4 f5+ 33. Kd3 Nxd5 34.
Nf3 Bf6 35. h3 Nb6 36. b3 Ke7 37. h4 h6 38. Be3 Kd7 39. Bd2 Kc6 40. Ng1 Be5 41.
Ne2 Nd5 42. Bf4 Bf6 43. Bd2 g5 44. hxg5 hxg5 45. c4 bxc4+ 46. bxc4 Nb6 47. Ba5
Na4 48. Kc2 Nb2 49. Bc3 Bxc3 50. Kxc3 Nd1+ 51. Kb3 Ne3 52. Ka4 Nxc4 0-1

[Event "Challenge"]
[Site "http://www.queenalice.com/game.php?id=839351"]
[Date "2010.9.29"]
[Round "-"]
[White "smyslov87"]
[Black "feliz70"]
[Result "0-1"]
[WhiteElo "2042"]
[BlackElo "2143"]

1. e4 e6 2. d4 d5 3. Nd2 c5 4. exd5 Qxd5 5. Ngf3 cxd4 6. Bc4 Qd6 7. O-O Nf6 8.
Re1 Nc6 9. Nb3 Bd7 10. Nbxd4 Nxd4 11. Nxd4 O-O-O 12. Be3 Qc7 13. Bb3 e5 14. Nf3
Bg4 15. Qe2 e4 0-1

[Event "Challenge"]
[Site "http://www.queenalice.com/game.php?id=839352"]
[Date "2010.9.29"]
[Round "-"]
[White "feliz70"]
[Black "smyslov87"]
[Result "1-0"]
[WhiteElo "2185"]
[BlackElo "2031"]

1. d4 Nf6 2. Nf3 d5 3. e3 c6 4. c4 Bf5 5. Nc3 e6 6. Nh4 Bg6 7. Nxg6 hxg6 8. a3
Nbd7 9. g3 a5 10. Be2 Be7 11. O-O dxc4 12. Bxc4 b5 13. Be2 e5 14. d5 cxd5 15.
Nxd5 Nxd5 16. Qxd5 O-O 17. Rd1 Ra7 18. Bd2 Nf6 19. Qxe5 Rd7 20. Bxa5 Rxd1+ 21.
Rxd1 Qxa5 22. Qxe7 Qa4 23. Rd8 Rxd8 24. Qxd8+ Kh7 25. Qd3 b4 26. Qc4 1-0

[Event "AUTO-OPEN-2008"]
[Site "http://www.queenalice.com/game.php?id=845807"]
[Date "2010.10.14"]
[Round "2"]
[White "RandyShane"]
[Black "smyslov87"]
[Result "0-1"]
[WhiteElo "1859"]
[BlackElo "2049"]

1. e4 e5 2. Nf3 Nc6 3. Bb5 a6 4. Bxc6 dxc6 5. O-O f6 6. d4 exd4 7. Qxd4 Qxd4 8.
Nxd4 c5 9. Nf5 Bxf5 10. exf5 O-O-O 11. c4 Bd6 12. Be3 Ne7 13. g4 h5 14. h3 hxg4
15. hxg4 Rh4 16. f3 Rdh8 17. Kf2 Rh2+ 18. Ke1 Nc6 19. Nc3 Nb4 0-1

[Event "AUTO-OPEN-2008"]
[Site "http://www.queenalice.com/game.php?id=845808"]
[Date "2010.10.14"]
[Round "2"]
[White "smyslov87"]
[Black "RandyShane"]
[Result "1-0"]
[WhiteElo "2055"]
[BlackElo "1953"]

1. e4 d6 2. d4 Nf6 3. Nc3 g6 4. h3 Bg7 5. Be3 Nbd7 6. Nf3 a6 7. Bd3 O-O 8. O-O
b5 9. a3 Bb7 10. Re1 c5 11. e5 cxd4 12. exf6 dxe3 13. fxg7 exf2+ 14. Kxf2 Kxg7
15. Be4 Bxe4 16. Nxe4 Qc7 17. c3 Nf6 18. Nxf6 exf6 19. Qd4 Rae8 20. Rxe8 Rxe8
21. Rd1 Qc5 22. Qxc5 dxc5 23. Rd7 Re6 24. Rd5 c4 25. Nd4 1-0

[Event "Challenge"]
[Site "http://www.queenalice.com/game.php?id=854448"]
[Date "2010.11.4"]
[Round "-"]
[White "BIBIU16"]
[Black "smyslov87"]
[Result "1-0"]
[WhiteElo "2032"]
[BlackElo "2057"]

1. e4 e5 2. Nf3 Nc6 3. Bb5 a6 4. Ba4 Nf6 5. O-O Be7 6. c3 O-O 7. Re1 b5 8. Bc2
d6 9. d4 Bg4 10. Be3 exd4 11. cxd4 Nb4 12. h3 Bxf3 13. gxf3 Nxc2 14. Qxc2 Qd7
15. Kh2 Rac8 16. Rg1 Kh8 17. Nd2 c5 18. d5 Ne8 19. f4 Bf6 20. Rg2 g6 21. Rag1
Ng7 22. f5 Be5+ 23. f4 Bf6 24. fxg6 fxg6 25. Nf3 Be7 26. f5 Bf6 27. fxg6 Rce8
28. gxh7 Re7 29. Bg5 Bxg5 30. Nxg5 1-0

[Event "Challenge"]
[Site "http://www.queenalice.com/game.php?id=855427"]
[Date "2010.11.6"]
[Round "-"]
[White "RichardB"]
[Black "smyslov87"]
[Result "1/2-1/2"]
[WhiteElo "2040"]
[BlackElo "2008"]

1. d4 Nf6 2. Nc3 d5 3. Bg5 Bf5 4. Nf3 c6 5. e3 Nbd7 6. Bd3 Bxd3 7. Qxd3 h6 8.
Bh4 g5 9. Bg3 Bg7 10. O-O-O Qa5 11. Ne5 Ne4 12. Kb1 Nxc3+ 13. Qxc3 Qxc3 14. bxc3
Nxe5 15. Bxe5 Bxe5 16. dxe5 O-O-O 17. f4 f5 18. g3 e6 19. a4 b6 20. Kb2 Kc7 21.
Kb3 Rh7 22. Rd2 g4 23. Rhd1 h5 24. c4 dxc4+ 25. Kxc4 Rhd7 26. Rxd7+ Rxd7 27.
Rxd7+ Kxd7 28. c3 a5 29. Kb3 Ke7 30. c4 Kd7 31. Kc3 c5 32. Kd3 Ke7 33. e4 Kf7
34. exf5 exf5 35. Ke3 Ke7 36. Kd3 1/2-1/2

[Event "Challenge"]
[Site "http://www.queenalice.com/game.php?id=862174"]
[Date "2010.11.22"]
[Round "-"]
[White "BIBIU16"]
[Black "smyslov87"]
[Result "1-0"]
[WhiteElo "2108"]
[BlackElo "2067"]

1. e4 e6 2. b3 d5 3. exd5 exd5 4. Bb2 Nf6 5. Nf3 Be7 6. Bd3 O-O 7. O-O c6 8. Re1
Bg4 9. h3 Bh5 10. g4 Bg6 11. Bxg6 fxg6 12. Nc3 Na6 13. Qe2 Bd6 14. Qe6+ Kh8 15.
Ng5 Qc7 16. Qe2 1-0

[Event "Challenge"]
[Site "http://www.queenalice.com/game.php?id=867358"]
[Date "2010.12.4"]
[Round "-"]
[White "smyslov87"]
[Black "Larbac"]
[Result "0-1"]
[WhiteElo "2023"]
[BlackElo "1983"]

1. e4 e5 2. Nf3 Nc6 3. Bb5 d6 4. c3 Nf6 5. d3 h6 6. h3 Bd7 7. Ba4 Be7 8. O-O a6
9. Nbd2 b5 10. Bc2 O-O 11. Re1 Nh7 12. Nf1 f5 13. exf5 Bxf5 14. Ng3 Bg6 15. Qe2
Bg5 16. Bxg5 hxg5 17. Qe3 Rf4 18. Ne2 Rf8 19. Bb3+ Kh8 20. Rad1 Bf7 21. Bxf7
Rxf7 22. Ng3 Rf4 23. Nh5 Qe8 24. Nxf4 gxf4 25. Qe4 Nf6 26. Qe2 Qg6 27. Nh2 Rf8
28. Ng4 Rg8 29. Nxf6 gxf6 30. Qe4 Ne7 31. Qxg6 Rxg6 32. f3 Nf5 33. d4 Nh4 0-1

[Event "Challenge"]
[Site "http://www.queenalice.com/game.php?id=872811"]
[Date "2010.12.16"]
[Round "-"]
[White "smyslov87"]
[Black "seoulmama"]
[Result "0-1"]
[WhiteElo "2036"]
[BlackElo "2111"]

1. e4 c5 2. Nf3 Nc6 3. Bb5 g6 4. c3 Nf6 5. Qe2 Bg7 6. O-O O-O 7. h3 Qb6 8. Bd3
d5 9. e5 Nh5 10. Re1 Nf4 11. Qe3 Bh6 12. Kh2 Kg7 13. g4 Ng2 14. Qe2 Nxe1 15.
Qxe1 Bf4+ 16. Kg2 f6 17. exf6+ Rxf6 18. Bc2 e5 19. d3 Bxc1 20. Qxc1 Bd7 21. Nbd2
Raf8 22. b3 e4 0-1

[Event "AUTO-OPEN-2008"]
[Site "http://www.queenalice.com/game.php?id=894267"]
[Date "2011.2.1"]
[Round "3"]
[White "smyslov87"]
[Black "gedalias"]
[Result "1-0"]
[WhiteElo "2005"]
[BlackElo "2059"]

1. e4 c5 2. Nf3 Nc6 3. Bb5 Qc7 4. Nc3 e6 5. O-O a6 6. Bxc6 Qxc6 7. d4 d5 8. exd5
exd5 9. Ne5 Qc7 10. Nxd5 Qd6 11. dxc5 Qxc5 12. Re1 Be6 13. Nf4 Be7 14. Nxe6 fxe6
15. Nd3 Qd6 16. Bf4 Qd7 17. Qe2 Kf7 18. Ne5+ 1-0

[Event "AUTO-OPEN-2008"]
[Site "http://www.queenalice.com/game.php?id=894268"]
[Date "2011.2.1"]
[Round "3"]
[White "gedalias"]
[Black "smyslov87"]
[Result "1-0"]
[WhiteElo "2013"]
[BlackElo "2010"]

1. e4 e5 2. Nf3 Nc6 3. Bb5 Nf6 4. O-O Nxe4 5. Re1 Nd6 6. Bxc6 dxc6 7. Nxe5 Be7
8. d3 O-O 9. Nc3 Bf6 10. Bf4 Re8 11. Qd2 Be6 12. Na4 Nf5 13. Nc5 Bxe5 14. Bxe5
b6 15. Na6 Rc8 16. Qf4 f6 17. Bxc7 Qd4 18. Qxd4 Nxd4 19. Rac1 Kf7 20. c3 Nf5 21.
a3 c5 22. h3 h5 23. Bh2 Bd7 24. Nc7 Rxe1+ 25. Rxe1 g5 26. Nd5 Re8 27. Rxe8 Bxe8
28. Bb8 Bc6 29. Nc7 a5 30. Ba7 1-0

[Event "Challenge"]
[Site "http://www.queenalice.com/game.php?id=894482"]
[Date "2011.2.1"]
[Round "-"]
[White "eddval"]
[Black "smyslov87"]
[Result "1-0"]
[WhiteElo "2099"]
[BlackElo "2023"]

1. e4 e5 2. Nf3 Nc6 3. d4 exd4 4. Nxd4 Nf6 5. Nc3 Bb4 6. Nxc6 bxc6 7. Bd3 d5 8.
exd5 Qe7+ 9. Qe2 Qxe2+ 10. Kxe2 cxd5 11. Bb5+ Bd7 12. Bxd7+ Kxd7 13. Rd1 Rhe8+
14. Kf1 c6 15. Bf4 Rad8 16. Ne2 Bd6 17. Bxd6 Kxd6 18. c4 Ke7 19. Nd4 Rc8 20.
Nf5+ Kd7 21. Rac1 g6 22. Ne3 Kd6 23. cxd5 cxd5 24. Rxc8 Rxc8 25. Ke2 Ke5 26. b3
h5 27. h4 Rc5 28. g3 a5 29. f3 Nd7 30. Kd2 f5 31. Ng2 Rc6 32. Nf4 Nb6 33. Re1+
Kf6 34. Re8 Rd6 35. Rg8 Kf7 36. Rb8 a4 37. Kd3 d4 38. Rb7+ Kf6 39. Rxb6 Rxb6 40.
Nd5+ Ke5 41. Nxb6 1-0

[Event "Challenge"]
[Site "http://www.queenalice.com/game.php?id=894762"]
[Date "2011.2.2"]
[Round "-"]
[White "etorvici"]
[Black "smyslov87"]
[Result "0-1"]
[WhiteElo "1942"]
[BlackElo "1994"]

1. e4 e5 2. Nf3 Nc6 3. Nc3 Nf6 4. Bc4 Bb4 5. Ng5 O-O 6. d3 a6 7. Bd2 Bxc3 8.
Bxc3 d6 9. h3 h6 10. Nf3 b5 11. Bd5 Nxd5 12. exd5 Ne7 13. O-O Nxd5 14. Ba5 Nf4
15. d4 e4 16. Bd2 Nxg2 17. Kxg2 exf3+ 18. Qxf3 Rb8 0-1

[Event "AUTO-MASTER-1419"]
[Site "http://www.queenalice.com/game.php?id=943732"]
[Date "2011.5.28"]
[Round "1"]
[White "beckhamf2000"]
[Black "smyslov87"]
[Result "1-0"]
[WhiteElo "1912"]
[BlackElo "2009"]

1. d4 Nf6 2. c4 e6 3. Nc3 Bb4 4. f3 d5 5. a3 Bxc3+ 6. bxc3 O-O 7. cxd5 exd5 8.
e3 Re8 9. Bd3 b6 10. Qc2 Bb7 11. Ne2 Nbd7 12. O-O c5 13. Ng3 g6 14. e4 dxe4 15.
fxe4 cxd4 16. cxd4 Rc8 17. Qe2 h5 18. Bg5 Qc7 19. Bxf6 Nxf6 20. Rxf6 1-0

[Event "AUTO-MASTER-1419"]
[Site "http://www.queenalice.com/game.php?id=943733"]
[Date "2011.5.28"]
[Round "1"]
[White "smyslov87"]
[Black "beckhamf2000"]
[Result "1-0"]
[WhiteElo "1998"]
[BlackElo "1737"]

1. e4 c5 2. Nf3 Nc6 3. Bb5 d6 4. Bxc6+ bxc6 5. O-O Bg4 6. h3 Bh5 7. g4 Bg6 8. d3
e5 9. Nbd2 h5 10. g5 f6 11. h4 Be7 12. Re1 fxg5 13. hxg5 Bxg5 14. Nf1 Bf4 15.
Bxf4 exf4 16. e5 d5 17. Qd2 Qd7 18. Qxf4 Bf5 19. Ng3 Bg4 20. e6 Qe7 21. Ne5 Nf6
22. Nxc6 Qb7 23. Qd6 Rc8 24. Na5 Qc7 25. Qxc7 Rxc7 26. Re5 O-O 27. Rae1 d4 28.
Nc4 Re7 29. Kg2 Rfe8 30. Nd6 Rd8 31. Ngf5 Bxf5 32. Nxf5 Ree8 33. f3 g6 34. Nh6+
Kg7 35. Nf7 Rd5 36. Kg3 Rxe5 37. Rxe5 Re7 38. Nd8 Kf8 39. Nc6 Re8 40. Kf4 Ng8
41. Kg5 Kg7 42. e7 Kf7 43. Rxc5 Nxe7 44. Nxd4 Rb8 45. b3 Rd8 46. Nc6 Nxc6 47.
Rxc6 Rd5+ 48. Kh4 Rd4+ 49. Kg3 g5 50. Rc7+ Kf6 51. Rxa7 Kf5 52. Ra5+ Kf6 53. Rc5
h4+ 54. Kg2 Rf4 55. a4 h3+ 56. Kxh3 Rxf3+ 57. Kg2 g4 58. a5 Re3 59. a6 1-0

[Event "AUTO-MASTER-1419"]
[Site "http://www.queenalice.com/game.php?id=943744"]
[Date "2011.5.28"]
[Round "1"]
[White "ravague"]
[Black "smyslov87"]
[Result "0-1"]
[WhiteElo "1929"]
[BlackElo "2003"]

1. e4 e5 2. f4 d5 3. exd5 e4 4. Bb5+ Nd7 5. Ne2 Bc5 6. d4 exd3 7. Qxd3 Nf6 8.
Be3 O-O 9. O-O Bxe3+ 10. Qxe3 Nxd5 11. Qb3 N7b6 12. Rd1 c6 13. Ba4 Qe7 14. Nbc3
Bg4 15. Re1 Qc5+ 16. Kh1 Nxa4 17. Nxa4 Qf2 18. Qg3 Qxg3 19. Nxg3 Nxf4 20. Nc3
Rfe8 21. Kg1 Rad8 22. Rac1 Kf8 23. Re4 Rxe4 24. Ngxe4 Ne2+ 25. Nxe2 Bxe2 26. Kf2
Bh5 27. Nc5 b6 28. Nb3 c5 29. h3 c4 30. Na1 Rd2+ 31. Kg3 Bg6 32. b3 c3 33. b4 f6
34. a4 Ke7 35. a5 bxa5 36. bxa5 Kd6 37. Kf3 Kd5 38. g4 Kc4 39. h4 Kb4 0-1

[Event "AUTO-MASTER-1419"]
[Site "http://www.queenalice.com/game.php?id=943745"]
[Date "2011.5.28"]
[Round "1"]
[White "smyslov87"]
[Black "ravague"]
[Result "1-0"]
[WhiteElo "1989"]
[BlackElo "1933"]

1. Nf3 d5 2. g3 Nc6 3. d4 e6 4. Bg2 Nf6 5. O-O Bd6 6. c3 O-O 7. Bg5 h6 8. Bxf6
Qxf6 9. Nbd2 Ne7 10. e4 dxe4 11. Nxe4 Qf5 12. Nh4 Qb5 13. Qc2 Nf5 14. Nf3 c5 15.
Nxd6 Nxd6 16. dxc5 Qxc5 17. Rfe1 Rb8 18. Rad1 Ne8 19. Re5 Qe7 20. Nd4 Nf6 21.
Nb5 a6 22. Nd6 Qc7 23. Re2 b5 24. Red2 Rd8 25. c4 Qc5 26. cxb5 Qxc2 27. Rxc2
axb5 28. Rcd2 Nd5 29. Nxc8 Rbxc8 30. Bxd5 exd5 31. Rxd5 Rxd5 32. Rxd5 Rb8 33.
Kg2 Kf8 34. Kf3 Ke7 35. Ke4 f6 36. f4 Ke6 37. f5+ Ke7 38. Rc5 Kd6 39. b4 1-0

[Event "AUTO-MASTER-1419"]
[Site "http://www.queenalice.com/game.php?id=943750"]
[Date "2011.5.28"]
[Round "1"]
[White "Antak"]
[Black "smyslov87"]
[Result "1-0"]
[WhiteElo "1974"]
[BlackElo "2016"]

1. d4 Nf6 2. c4 e6 3. Nf3 b6 4. Bg5 Be7 5. Nc3 Bb7 6. e3 O-O 7. Bd3 d5 8. O-O
Nbd7 9. a3 c5 10. Re1 cxd4 11. exd4 h6 12. Bd2 Rc8 13. b3 a6 14. Ne5 Nxe5 15.
dxe5 Ne4 16. Nxe4 dxe4 17. Bxe4 Bxe4 18. Rxe4 Qc7 19. Bxh6 f5 20. Re3 Bg5 21.
Bxg5 1-0

[Event "AUTO-MASTER-1419"]
[Site "http://www.queenalice.com/game.php?id=943751"]
[Date "2011.5.28"]
[Round "1"]
[White "smyslov87"]
[Black "Antak"]
[Result "0-1"]
[WhiteElo "2004"]
[BlackElo "2014"]

1. c4 Nf6 2. Nc3 e6 3. g3 d5 4. cxd5 exd5 5. d4 Be7 6. Bg2 c6 7. Nf3 O-O 8. O-O
Nbd7 9. Bf4 Re8 10. e3 Nf8 11. Be5 Ng6 12. Bxf6 Bxf6 13. Rc1 Be6 14. h4 Bg4 15.
Qb3 Qd7 16. Kh2 Ne7 17. Ng5 h6 18. Nh3 Ng6 19. Rce1 Bxh4 20. gxh4 Nxh4 21. Rg1
Nxg2 22. Rxg2 Bxh3 23. Rg3 Be6 24. Ne2 Qe7 25. Nf4 Bf5 26. Nd3 Bxd3 27. Qxd3
Qh4+ 28. Kg2 Qe4+ 29. Qxe4 dxe4 30. f4 exf3+ 31. Rxf3 Rad8 32. Kf2 Rd5 33. Re2
f5 34. Rh3 Re6 35. b3 g5 0-1